000 00347nam a2200133 i 4500
001 bg
100 1 _aŻĄDŁO, Jan
245 0 _aOgólna metoda projektowania adsorberów fluidalnych o pracy ciągłej /
_cJ. Żądło.
260 _aKraków,
_c1979.
040 _cBPK
041 _apol
942 _cKS
008 s pl f |000 0 pol
999 _c18808
_d18808
856 _uhttp://koha.tu.koszalin.pl/cgi-bin/koha/opac-detail.pl?biblionumber=18808
_yKatalog online BPK